000 02078cam a22005054i 4500
003 PE-LiUPU
005 20250731173345.0
008 150706s r 000 0 d
020 _a0567040518
035 _a(Sirsi) i9780567040510
035 _a(OCoLC)949177236
040 _aPE-LiUPU
_bspa
_cPE-LiUPU
_erda
049 _aPRUA
082 0 4 _a226.5
_bH22
_221
100 1 _aHarris, Elizabeth,
_eautor.
245 1 0 _aPrologue and gospel :
_bthe theology of the fourth evangelist /
_cHarris, Elizabeth.
264 1 _aLondon, New York :
_bT&T Clark International,
_c2004.
300 _a215 páginas ;
_c22 centímetros
336 _atext
_2rdacontent
337 _aunmediated
_2rdamedia
338 _avolume
_2rdacarrier
490 0 _aT & T Clark Academic Paperbacks
504 _aIncluye biliografía.
505 0 _aThe relation of the prologue to the rest of the Gospel -- John and his Witness -- Moses -- The difficulties for the translator of John 1.18 -- Christological expressions in the fourth Gospel: The Son of Man -- Christological expressions in the fourth Gospel -- Christological expressions in the fourth Gospel: The son (of God) -- The final days in Jerusalem of the logos, Jesus Christ.
526 _aSEG42
526 _aSEG41
526 _aSEG40
526 _aSEG39
526 _aP94
526 _aP87
526 _aP86
526 _aP85
526 _aP77
526 _aP76
526 _aP35
541 _g48101-1479;
630 _aBiblia.
_pN.T.
_pJuan
_xTEOLOGIA.
630 _aBiblia.
_pN.T.
_pLitertura juanina
_xTEOLOGIA.
910 _agl
_bjv
_clch
_d20091119
942 _2ddc
_cBOOK
949 _a226.5 H22
_wDEWEY
_c1
_i60645
_lCCODEBUL1
_mBUL
_p32.00
_r0
_sY
_tBOOK
_u2015-7-6
_xTEOLOGIA
_zUNKNOWN
_0COMPRA
_o.STAFF. Colección General
994 _aC0
_bPEPRU
596 _a1
999 _a226.5 H22
_wDEWEY
_c50061
_i60645
_f2021-11-9
_g5
_lCCODEBUL1
_mBUL
_p32.00
_r0
_sY
_tBOOK
_u2015-7-6
_xTEOLOGIA
_zUNKNOWN
_0COMPRA
_o.STAFF. Colección General
_d50061
980 _81
_gALBERTO SANCHEZ Responsable de Automatización